[Event "DEM U12/U12w 2014"]
[Site "Magdeburg GER"]
[Date "2014.06.11"]
[Round "6"]
[White "Eulitz, Charlotte"]
[Black "Leimbach, Tim Vincent"]
[Result "0-1"]
[Termination "normal"]
[Board "40"]
[WhiteElo "1191"]
[BlackElo "1284"]
[PlyCount "96"]
[WhiteFideId "12964654"]
[BlackFideId "12988600"]
[EventCountry "GER"]
[EventRounds "11"]
[EventType "swiss"]
[EventDate "2014.06.07"]

1. e4 c5 2. Nf3 Nc6 3. d4 cxd4 4. Nxd4 Qb6 5. Nb3 e6 6. a3 Bc5 7. Nxc5 Qxc5 8.
Be3 Qa5+ 9. Qd2 Qxd2+ 10. Nxd2 Nge7 11. Bd3 O-O 12. O-O d5 13. c3 Rd8 14. Nb3
Ne5 15. Bc2 Nc4 16. Bc5 Nc6 17. Ra2 b6 18. Bd4 Ba6 19. Rd1 Ne7 20. Bd3 Ng6 21.
g3 e5 22. Be3 Nxe3 23. fxe3 dxe4 24. Bc2 Rxd1+ 25. Bxd1 Rd8 26. Bc2 Bd3 27.
Bxd3 exd3 28. Ra1 Ne7 29. Rd1 e4 30. Kf2 f5 31. Nd4 Kf7 32. h3 g6 33. Ra1 Rc8
34. a4 Nc6 35. Nb5 Ke6 36. Ke1 a6 37. Na3 Na5 38. b4 Nc4 39. Nxc4 Rxc4 40. Kd2
Kf6 41. a5 b5 42. Rf1 Kg5 43. Rf4 Rc8 44. g4 Rg8 45. gxf5 gxf5 46. Rf2 Kf6 47.
Rf4 Rg3 48. Rh4 Kg6 0-1

[Event "DEM U12/U12w 2014"]
[Site "Magdeburg GER"]
[Date "2014.06.11"]
[Round "6"]
[White "Du, Jessica"]
[Black "Albert, Eske"]
[Result "1-0"]
[Termination "normal"]
[Board "41"]
[WhiteElo "1241"]
[BlackElo "893"]
[PlyCount "71"]
[WhiteFideId "12988529"]
[BlackFideId "12991813"]
[EventCountry "GER"]
[EventRounds "11"]
[EventType "swiss"]
[EventDate "2014.06.07"]

1. e4 e6 2. d4 d5 3. exd5 exd5 4. Nc3 Nf6 5. Nf3 Nc6 6. Bf4 Bb4 7. Bd3 O-O 8.
O-O Bg4 9. h3 Be6 10. Re1 Re8 11. Ne5 Nxd4 12. a3 Ba5 13. Bg5 h6 14. Bh4 Qe7
15. b4 Bb6 16. Nf3 a5 17. Nxd5 Red8 18. Nxe7+ Kf8 19. Bxf6 gxf6 20. Nxd4 Bxd4
21. Rb1 Kxe7 22. Qf3 b6 23. Bf5 Rab8 24. Bxe6 fxe6 25. Rbd1 axb4 26. axb4 c5
27. bxc5 Bxc5 28. Rxd8 Rxd8 29. Rd1 Rb8 30. Qg3 Rb7 31. Qg7+ Ke8 32. Qxb7 e5
33. Ra1 Be7 34. Ra7 Kf8 35. Qxe7+ Kg8 36. Ra8# 1-0

[Event "DEM U12/U12w 2014"]
[Site "Magdeburg GER"]
[Date "2014.06.11"]
[Round "6"]
[White "Petrow, Jonas"]
[Black "Reuker, Ronja"]
[Result "0-1"]
[Termination "normal"]
[Board "42"]
[WhiteElo "1220"]
[BlackElo "945"]
[PlyCount "62"]
[WhiteFideId "12991805"]
[BlackFideId "12947172"]
[EventCountry "GER"]
[EventRounds "11"]
[EventType "swiss"]
[EventDate "2014.06.07"]

1. d4 f5 2. c4 Nf6 3. Nc3 e6 4. Nf3 Bb4 5. Bd2 O-O 6. a3 Bxc3 7. Bxc3 d6 8. e3
Nbd7 9. Bd3 Ne4 10. Bxe4 fxe4 11. Nd2 d5 12. cxd5 exd5 13. Bb4 Rf5 14. Rc1 c6
15. Qg4 Qf6 16. Rf1 Rg5 17. Qe2 Rxg2 18. h4 Qxh4 19. Bd6 Rg6 20. Bg3 Qh3 21.
Kd1 Nf6 22. Kc2 Qd7 23. Rh1 a5 24. Nb3 b6 25. a4 Ba6 26. Qd2 Ne8 27. Bf4 Bd3+
28. Kd1 Qg4+ 29. f3 Qxf3+ 30. Ke1 Qxh1+ 31. Kf2 Rg2# 0-1

[Event "DEM U12/U12w 2014"]
[Site "Magdeburg GER"]
[Date "2014.06.11"]
[Round "6"]
[White "Leib, Amina"]
[Black "Wienhold, Nadine"]
[Result "0-1"]
[Termination "normal"]
[Board "43"]
[WhiteElo "1076"]
[BlackElo "1342"]
[PlyCount "96"]
[WhiteFideId "12982970"]
[BlackFideId "12964514"]
[EventCountry "GER"]
[EventRounds "11"]
[EventType "swiss"]
[EventDate "2014.06.07"]

1. e4 c5 2. c3 Nc6 3. d4 cxd4 4. cxd4 g6 5. Nf3 Bg7 6. Bc4 Nf6 7. e5 Ng4 8. Ng5
Nh6 9. O-O O-O 10. Qf3 Nxd4 11. Bxf7+ Nxf7 12. Qe4 Nxg5 13. Bxg5 Ne6 14. Qd5
Kh8 15. Bh4 d6 16. Bg3 dxe5 17. Qxd8 Rxd8 18. Re1 Nf4 19. Nc3 Nd3 20. Re2 Bf5
21. Rd1 Rd7 22. f3 Rad8 23. Ne4 Bxe4 24. fxe4 Nf4 25. Rxd7 Nxe2+ 26. Kf2 Rxd7
27. Kxe2 b5 28. Bf2 a6 29. Bc5 Bf6 30. Kf3 Rd2 31. Ke3 Rxg2 32. Kd3 Rxb2 33. a3
Rxh2 34. Kc3 Re2 35. Kb4 h5 36. Ka5 h4 37. Kxa6 h3 38. Kxb5 h2 39. a4 h1=Q 40.
a5 Qxe4 41. Kb6 Rb2+ 42. Kc7 Qb7+ 43. Kd8 e6+ 44. Ke8 Qc6+ 45. Kf7 Qxc5 46. a6
Qe7+ 47. Kxg6 Rg2+ 48. Kh6 Qh7# 0-1

[Event "DEM U12/U12w 2014"]
[Site "Magdeburg GER"]
[Date "2014.06.11"]
[Round "6"]
[White "Schäfer, Nicolas"]
[Black "Weiten, Teresa"]
[Result "1-0"]
[Termination "normal"]
[Board "44"]
[WhiteElo "1337"]
[BlackElo "1137"]
[PlyCount "127"]
[WhiteFideId "12988901"]
[BlackFideId "12971944"]
[EventCountry "GER"]
[EventRounds "11"]
[EventType "swiss"]
[EventDate "2014.06.07"]

1. d4 d5 2. Nf3 Nc6 3. Bf4 Nf6 4. e3 Bf5 5. c3 e6 6. Nbd2 Be7 7. h3 O-O 8. Nh4
Be4 9. Nhf3 Bf5 10. g4 Bg6 11. Rg1 Na5 12. Ne5 Rc8 13. Nxg6 fxg6 14. g5 Nh5 15.
Qg4 Qd7 16. Nf3 Nxf4 17. exf4 Bd6 18. Ne5 Bxe5 19. fxe5 Qf7 20. Qg3 c5 21.
O-O-O cxd4 22. Rxd4 Qxf2 23. Qxf2 Rxf2 24. Rd2 Rxd2 25. Kxd2 Nc6 26. h4 Nxe5
27. Ke3 Kf7 28. Be2 Ke7 29. Rh1 Nc4+ 30. Bxc4 Rxc4 31. Kf3 Kf8 32. h5 e5 33.
hxg6 hxg6 34. Re1 e4+ 35. Ke3 Kf7 36. Rd1 Ke6 37. Kf4 Rc7 38. Re1 Re7 39. a3
Kd6 40. Ke3 Kc5 41. b3 a5 42. Rc1 b5 43. b4+ axb4 44. cxb4+ Kd6 45. Rc5 d4+ 46.
Kxd4 e3 47. Rc1 e2 48. Re1 Re5 49. Kd3 Kd5 50. Rxe2 Rxe2 51. Kxe2 Ke5 52. Kd3
Kf5 53. Kc3 Kxg5 54. a4 Kf5 55. a5 g5 56. a6 g4 57. a7 g3 58. a8=Q Kg4 59. Kd2
Kh3 60. Qh8+ Kg2 61. Ke2 Kg1 62. Qh3 g2 63. Kf3 g5 64. Qxg2# 1-0

[Event "DEM U12/U12w 2014"]
[Site "Magdeburg GER"]
[Date "2014.06.11"]
[Round "6"]
[White "Bierfreund, Trine Maja"]
[Black "Kemke, Annabelle"]
[Result "1-0"]
[Termination "normal"]
[Board "45"]
[WhiteElo "1288"]
[BlackElo "855"]
[PlyCount "51"]
[WhiteFideId "12957372"]
[BlackFideId "12991821"]
[EventCountry "GER"]
[EventRounds "11"]
[EventType "swiss"]
[EventDate "2014.06.07"]

1. e4 e5 2. Nf3 Nc6 3. Bc4 Nf6 4. Ng5 d5 5. exd5 b5 6. Bf1 Qxd5 7. Nc3 Qd6 8.
Bxb5 Bd7 9. O-O Nd4 10. Bxd7+ Qxd7 11. d3 Bd6 12. Be3 O-O-O 13. Nce4 h6 14.
Nxd6+ cxd6 15. Ne4 Qc6 16. Bxd4 exd4 17. Nxf6 gxf6 18. Qg4+ Kc7 19. Qxd4 Qb7
20. Qxf6 Kb8 21. Rfe1 Ka8 22. Re7 Qd5 23. Rxf7 Rhg8 24. g3 h5 25. Qe7 Qc5 26.
Qb7# 1-0

[Event "DEM U12/U12w 2014"]
[Site "Magdeburg GER"]
[Date "2014.06.11"]
[Round "6"]
[White "Wanschura, David"]
[Black "Berelowitsch, Dana"]
[Result "1/2-1/2"]
[Termination "normal"]
[Board "46"]
[WhiteElo "1220"]
[BlackElo "1102"]
[PlyCount "83"]
[WhiteFideId "12982946"]
[BlackFideId "12977144"]
[EventCountry "GER"]
[EventRounds "11"]
[EventType "swiss"]
[EventDate "2014.06.07"]

1. d4 d5 2. c4 e6 3. Nc3 c5 4. Nf3 Nf6 5. Bf4 a6 6. e3 Be7 7. Be2 O-O 8. O-O
Nc6 9. cxd5 exd5 10. Rc1 cxd4 11. Nxd4 Nxd4 12. Qxd4 Be6 13. Rfd1 Qd7 14. Bf3
Rfd8 15. Ne2 Rac8 16. Ng3 h6 17. Be5 b5 18. b3 Rxc1 19. Rxc1 Rc8 20. Rxc8+ Qxc8
21. Qb2 Qc5 22. h3 a5 23. Bd4 Qd6 24. Nh5 Nxh5 25. Bxh5 f6 26. Qc2 Qb4 27. Kh2
a4 28. Bd1 axb3 29. Qxb3 Qd2 30. Qc2 Qxc2 31. Bxc2 Kf7 32. Bb3 g5 33. g4 Bd6+
34. Kg2 Be5 35. Bc5 Kg6 36. f3 h5 37. gxh5+ Kxh5 38. e4 Kh4 39. exd5 Bxh3+ 40.
Kh1 g4 41. fxg4 Bxg4 42. Be7 1/2-1/2

[Event "DEM U12/U12w 2014"]
[Site "Magdeburg GER"]
[Date "2014.06.11"]
[Round "6"]
[White "Fricke, Edna Marlene"]
[Black "Svane, Freja"]
[Result "1/2-1/2"]
[Termination "normal"]
[Board "47"]
[WhiteElo "1081"]
[BlackElo "1031"]
[PlyCount "83"]
[WhiteFideId "12988839"]
[BlackFideId "12940100"]
[EventCountry "GER"]
[EventRounds "11"]
[EventType "swiss"]
[EventDate "2014.06.07"]

1. e4 e6 2. d4 d5 3. exd5 exd5 4. Bd3 Bd6 5. Nf3 Bg4 6. O-O Nf6 7. Re1+ Be7 8.
h3 Be6 9. Bf4 O-O 10. b3 Bd6 11. Bxd6 Qxd6 12. Nbd2 Nbd7 13. c4 Rfe8 14. Kf1
Nf8 15. Kg1 Ng6 16. Ng5 Nf4 17. Bc2 Qd7 18. Nxe6 Rxe6 19. Rxe6 Qxe6 20. Qf3
Ne2+ 21. Kf1 Nxd4 22. Qd3 Nxc2 23. Qxc2 dxc4 24. Nxc4 Qe4 25. Qxe4 Nxe4 26. Re1
Nd6 27. Nxd6 cxd6 28. Re7 Kf8 29. Rxb7 Ke8 30. a4 d5 31. Rc7 d4 32. Ke2 a5 33.
Kd3 Rd8 34. Rc4 Rb8 35. Rxd4 Rxb3+ 36. Ke2 Rb2+ 37. Ke3 Ke7 38. g4 Ke6 39. f4
Rb6 40. Re4+ Kf6 41. Kf3 Re6 42. Ke3 1/2-1/2